| 000 | 00393nam a22001337a 4500 | ||
|---|---|---|---|
| 005 | 20150305152754.0 | ||
| 008 | 150305b xxu||||| |||| 00| 0 eng d | ||
| 040 | _cPK-LaUMT | ||
| 082 |
_aKHC 954.92 _bQIY- |
||
| 245 |
_aقیام بنگلہ دیش کے مضمرات _cفضل حق قریشی (مرتبھ |
||
| 260 |
_aکراچی _bاقصی کتاب گھر _c1987 |
||
| 300 | _a176 ص | ||
| 942 | _cBK | ||
| 999 |
_c67542 _d67542 |
||